000 00306nam a22001337a 4500
999 _c13853
_d13853
020 _a978-1305410473
082 _a100
100 _aManuel Velasquez
245 _aPhilosophy: A Text with Readings
250 _a13th Edition
260 _aUSA
_bCengage Learning
_c2016
300 _a672 pages
942 _cBK